Herramienta para la detección de fallas de funcionalidad en microprocesadores debidas a sensibilidad a variaciones en la frecuencia de operación

Guardado en:
Bibliografiske detaljer
Hovedforfatter: Williams Meneses, Christopher
Format: Bog
Udgivet: [San José, Costa Rica] 2005
Fag:
Tags: Tilføj Tag
Ingen Tags, Vær først til at tagge denne postø!

MARC

LEADER 00000nam a2200000Ia 4500
003 009593
005 20221231144127.0
008 140114s2005 cr a m 000 ||s d
040 |c cru CEDI  
090 |a TFG 5133 
100 |a Williams Meneses, Christopher  |9 5874 
245 |a Herramienta para la detección de fallas de funcionalidad en microprocesadores debidas a sensibilidad a variaciones en la frecuencia de operación  
260 |c 2005  |a  [San José, Costa Rica] 
300 |a  xiii, 58 hojas : ilustraciones  
500 |a  Proyecto de graduación (bachillerato en ingeniería eléctrica)--Universidad de Costa Rica. Facultad de Ingeniería. Escuela de Ingeniería Eléctrica 
650 |x COMPONENTES INTEL DE COSTA RICA  |x MICROPROCESADORES   |x FUNCIONES   |x HERRAMIENTAS   |x DISPOSITIVOS ELECTROOPTICOS  |9 5875 
942 |c TFG 
999 |c 17290  |d 17290